世界の国々 - Statistics

General Stats
  • This quiz has been taken 47 times
  • The average score is 100 of 196
Answer Stats
Picture Answer % Correct
アメリカ
100%
ブータン
89%
アルゼンチン
87%
オーストラリア
87%
オーストリア
79%
ベルギー
79%
ブラジル
79%
アフガニスタン
76%
アルジェリア
76%
アルメニア
76%
バングラデシュ
76%
日本
76%
アルバニア
74%
アンゴラ
71%
アゼルバイジャン
71%
イギリス
71%
イタリア
71%
カタール
71%
韓国
71%
タイ
71%
ブルガリア
68%
カナダ
68%
中国
68%
ドイツ
68%
インド
68%
ジャマイカ
68%
スイス
68%
カンボジア
66%
コロンビア
66%
デンマーク
66%
フランス
66%
ギリシャ
66%
アイルランド
66%
イスラエル
66%
ケニア
66%
バーレーン
63%
アイスランド
63%
インドネシア
63%
イラン
63%
イラク
63%
カザフスタン
63%
メキシコ
63%
ニュージーランド
63%
フィリピン
63%
サウジアラビア
63%
スペイン
63%
クロアチア
61%
キューバ
61%
チェコ
61%
ドミニカ共和国
61%
エジプト
61%
エストニア
61%
フィンランド
61%
ネパール
61%
北朝鮮
61%
ノルウェー
61%
パナマ
61%
シンガポール
61%
トルコ
61%
ウクライナ
61%
ベトナム
61%
チリ
58%
ハンガリー
58%
コソボ
58%
マレーシア
58%
ポーランド
58%
ポルトガル
58%
ロシア
58%
スウェーデン
58%
コスタリカ
55%
キプロス
55%
オランダ
55%
ラトビア
55%
ナイジェリア
55%
パキスタン
55%
南アフリカ
55%
トルクメニスタン
55%
ウズベキスタン
55%
ベラルーシ
53%
ベリーズ
53%
中央アフリカ
53%
イングランド
53%
エチオピア
53%
ジョージア
53%
リビア
53%
モロッコ
53%
ペルー
53%
ルーマニア
53%
台湾
53%
タンザニア
53%
チュニジア
53%
バチカン
53%
アンティグア
50%
ボツワナ
50%
ブルネイ
50%
キリバス
50%
クウェート
50%
ラオス
50%
レバノン
50%
リベリア
50%
マルタ
50%
モナコ
50%
ミャンマー
50%
北マケドニア
50%
パラオ
50%
パプアニューギニア
50%
セルビア
50%
スロベニア
50%
スリランカ
50%
バハマ
47%
バルバドス
47%
エクアドル
47%
エリトリア
47%
フィジー
47%
ガーナ
47%
香港
47%
ヨルダン
47%
リトアニア
47%
スコットランド
47%
セネガル
47%
スロバキア
47%
ソマリア
47%
タジキスタン
47%
ウガンダ
47%
ウルグアイ
47%
カメルーン
45%
コンゴ
45%
東ティモール
45%
赤道ギニア
45%
レソト
45%
モンテネグロ
45%
パラグアイ
45%
サンマリノ
45%
トンガ
45%
ツバル
45%
アラブ首長国連邦
45%
ベネズエラ
45%
ブルンジ
42%
エスワティニ
42%
ギニア
42%
コートジボワール
42%
マダガスカル
42%
モルディブ
42%
モーリタニア
42%
モーリシャス
42%
セントビンセント
42%
南スーダン
42%
スーダン
42%
ウェールズ
42%
イエメン
42%
ザンビア
42%
ボリビア
39%
ジブチ
39%
エルサルバドル
39%
ギニアビサウ
39%
ルクセンブルク
39%
マリ
39%
ミクロネシア
39%
モルドバ
39%
モザンビーク
39%
ルワンダ
39%
サモア
39%
スリナム
39%
シリア
39%
カーボベルデ
37%
チャド
37%
コモロ
37%
ハイチ
37%
サントメ
37%
ソロモン諸島
37%
トーゴ
37%
トリニダード・トバゴ
37%
ジンバブエ
37%
ガンビア
34%
リヒテンシュタイン
34%
ナウル
34%
セントルシア
34%
コンゴ民主共和国
34%
ガボン
32%
マーシャル諸島
32%
ナミビア
32%
バヌアツ
32%
ブルキナファソ
29%
グレナダ
29%
ニカラグア
29%
キルギスタン
26%
北アイルランド
24%
グアテマラ
21%
マラウィ
21%
セイシェル
16%
蒙古
13%
セントキッツ
8%
ガイヤナ
3%
ボスニヤ・ ヘルツェゴビナ
0%
ホンジェラス
0%
オーマン
0%
No matching quizzes found
Score Distribution
Percent of People with Each Score
Percentile by Number Answered
Your Score History
You have not taken this quiz